Statistics for Mega Hard Bollywood quiz

Click here to take the quiz!

General Stats

  • This quiz has been taken 1,590 times
    (1,331 since last reset)
  • The average score is 8 of 15

Answer Stats

HintAnswer% Correct
Who is the son of Jackie Shroff?Tiger Shroff
89%
Who played Ram in Goliyon ki raasleela Ramleela?Ranveer Singh
85%
Name a hit film of Shraddha&Aditya in 2013?Aashiqui 2
75%
Who starred alongside Akshaye Khanna in Tees maar Khan?Akshay Kumar
70%
Who was the leading actor in Bhootnath returns?Amitabh Bachchan
63%
Name a hit film of Ranbir&Deepika in 2013?Yeh jawaani hai deewani
62%
Who has recently married Saif Ali Khan?Kareena Kapoor Khan
60%
What is Deepika's fathers name?Prakash Padukone
58%
Name a famous song from Chennai Express?1 2 3 4 Get on the Dance Floor
57%
What TV show does Aamir Khan host?Satyamev Jayate
52%
What has Jackie Shroff's son starred in lately?Heropanti
46%
What was Priyanka Chopra called in Krrish 3?Priya
45%
What was Saif's name in Race 2?Ranvir Singh
26%
Name a famous song from Boss?Party all night
25%
What film has Madhuri Dixit starred in lately?Gulaab gang
20%

Score Distribution

Percentile by Number Answered

Percent of People with Each Score

Your Score History

You have not taken this quiz since the last reset